000 00561nam a2200169 a 4500
001 000027099
005 20200930030613.0
008 110329s1960 dr 000 j spa d
040 _aDO-SdBNP
_bspa
_cBNPHU
082 _axxx
_bT853n, 1960
100 1 _aTroncoso de la Concha, Manuel del Jesús,
_d1878-1955
_935158
245 1 0 _aNarraciones dominicanas /
_cM. De J. Troncoso de la Concha.
250 _a5a ed.
260 _aCiudad Trujillo, República Dominicana :
_bStella,
_c1960.
300 _av. ;
_c23 cm.
500 _aLa biblioteca sólo posee el volumen 1.
999 _c26591
_d26591